00381nam a2200097Ia 4500999001700000100002500017245011100042260000900153942001200162952010900174 c12920d12920 aSharma, Pawan Kumar. 0aDynamics of local self government in India and Franceb: a case study of Faridabad and Issy-Les Moulineaux c2006 cRP2ddc 001040718IRPaNASSDOCbNASSDOCd1899-12-31i2006-08-10l0p43642r2019-04-18 00:00:00w2019-04-18yRP